Электрические характеристики импульсного коронного разряда в водо-воздушном потоке; Высокие технологии в современной науке и технике; Т. 1

מידע ביבליוגרפי
Parent link:Высокие технологии в современной науке и технике: сборник научных трудов II Всероссийской научно-технической конференции молодых ученых, аспирантов и студентов с международным участием, Томск, 27-29 марта 2013 г/ Национальный исследовательский Томский политехнический университет (ТПУ).— , 2013
Т. 1.— 2013.— [С. 93-98]
מחבר ראשי: Маринин С. А.
מחברים אחרים: Осокин Г. Е. Георгий Евгеньевич, Корнев Я. И. Яков Иванович
סיכום:Заглавие с титульного экрана
שפה:רוסית
יצא לאור: 2013
סדרה:Пучково-плазменные и электроразрядные технологии
נושאים:
גישה מקוונת:http://www.lib.tpu.ru/fulltext/c/2013/C17/V1/023.pdf
פורמט: MixedMaterials אלקטרוני Book Chapter
KOHA link:https://koha.lib.tpu.ru/cgi-bin/koha/opac-detail.pl?biblionumber=235562

MARC

LEADER 00000naa2a2200000 4500
001 235562
005 20260105104851.0
035 |a (RuTPU)RU\TPU\book\256699 
035 |a RU\TPU\book\256690 
090 |a 235562 
100 |a 20130411d2013 k||y0rusy50 ca 
101 0 |a rus 
102 |a RU 
135 |a drcn ---uucaa 
181 0 |a i  
182 0 |a b 
200 1 |a Электрические характеристики импульсного коронного разряда в водо-воздушном потоке  |f С. А. Маринин, Г. Е. Осокин, Я. И. Корнев 
203 |a Текст  |c электронный 
225 1 |a Пучково-плазменные и электроразрядные технологии 
300 |a Заглавие с титульного экрана 
320 |a [Библиогр.: с. 97-98 (7 назв.)] 
337 |a Adobe Reader 
461 1 |0 (RuTPU)RU\TPU\book\256460  |t Высокие технологии в современной науке и технике  |o сборник научных трудов II Всероссийской научно-технической конференции молодых ученых, аспирантов и студентов с международным участием, Томск, 27-29 марта 2013 г  |o в 2 т.  |f Национальный исследовательский Томский политехнический университет (ТПУ)  |d 2013 
463 1 |0 (RuTPU)RU\TPU\book\256463  |t Т. 1  |v [С. 93-98]  |d 2013 
610 1 |a труды учёных ТПУ 
610 1 |a электронный ресурс 
610 1 |a электрические характеристики 
610 1 |a импульсные разряды 
610 1 |a коронный разряд 
610 1 |a водо-воздушный поток 
700 1 |a Маринин  |b С. А. 
701 1 |a Осокин  |b Г. Е.  |c специалист в области электроразрядных технологий  |c младший научный сотрудник Томского политехнического университета  |g Георгий Евгеньевич  |3 (RuTPU)RU\TPU\pers\28102 
701 1 |a Корнев  |b Я. И.  |c российский учёный в области электротехники  |c старший научный сотрудник Томского политехнического университета  |f 1976-  |g Яков Иванович  |3 (RuTPU)RU\TPU\pers\28099 
801 2 |a RU  |b 63413507  |c 20131118  |g RCR 
856 4 |u http://www.lib.tpu.ru/fulltext/c/2013/C17/V1/023.pdf 
942 |c CF